| 000 | 01254nam a22002657a 4500 | ||
|---|---|---|---|
| 003 | PE SENCICO BE | ||
| 005 | 20251020182623.0 | ||
| 008 | 230104b |||||||| |||| 00| 0 eng d | ||
| 020 | _a978-3-8365-6756-5 | ||
| 040 |
_aPE SENCICO BE _cPE SENCICO BE |
||
| 041 | _aspa | ||
| 082 |
_a747 _bT23 |
||
| 100 | 1 |
_9388 _aTaschen, Aurelia _eautora |
|
| 245 | 1 |
_aInteriors now! / _cAurelia Taschen |
|
| 250 | _a[1a ed.] | ||
| 260 |
_as.l.: _bTaschen, Bibliotheca Universalis, _c[2017] |
||
| 300 |
_a500, [12] p. : _blams. col., _c20 cm. |
||
| 520 | 3 | _aEstas casas, residencias, refugios y estudios de inspiradora diversidad de estilos le sorprenderán y asombrarán sin importar cuáles sean sus preferencias en cuanto a interiorismo, tanto si prefiere una casa de campo de estilo rústico, un moderno loft neoyorkino o un bungalow bohemio. Esta meticulosa aproximación al diseño de interiores contemporáneo reúne proyectos de todo el mundo, de Auckland (Nueva Zelanda) a Aviñón (Francia). | |
| 650 | 1 | 4 |
_944 _aDiseño de interiores |
| 650 | 2 | 4 |
_9389 _aDecoración y ornamentación |
| 650 | 2 | 4 |
_977 _aViviendas |
| 650 | 2 | 4 |
_9199 _aDistribución de espacios (viviendas) |
| 910 |
_bhfp _chfp |
||
| 942 |
_2ddc _cLIB _h747 _iT23 |
||
| 999 |
_c3741 _d3741 |
||